Hayley Williams - Kill Me Lyrics - Statistics

General Stats
  • This quiz has been taken 15 times
  • The average score is 156 of 185
Answer Stats
Answer % Correct
a
100%
ahead
100%
and
100%
can't
100%
get
100%
Go
100%
kill
100%
me
100%
much
100%
stronger
100%
another
92%
find
92%
I
92%
soldier
92%
you
92%
I'm
83%
I'M
83%
never
83%
to
83%
again
75%
blood
75%
bloodline
75%
daughter
75%
daughters
75%
do
75%
Eldest
75%
ends
75%
HARD
75%
I'll
75%
mother's
75%
right
75%
the
75%
their
75%
thing
75%
think
75%
torment
75%
where
75%
your
75%
YOU'RE
75%
asked
67%
Carrying
67%
'cause
67%
chances
67%
either
67%
for
67%
GOING
67%
in
67%
is
67%
live
67%
make
67%
miss
67%
or
67%
SORRY
67%
THAT
67%
us
67%
way
67%
we
67%
down
58%
dust
58%
hardest
58%
job
58%
learn
58%
lessons
58%
my
58%
room
58%
save
58%
SOMETHING
58%
THROUGH
58%
yourself
58%
cycle
50%
paying
50%
stop
50%
comes
42%
Setting
42%
No matching quizzes found
Score Distribution
Percent of People with Each Score
Percentile by Number Answered
Your Score History
You have not taken this quiz